000 00625nam a2200217 i 4500
001 59916
003 ES-MaACL
005 20250829040749.0
007 t|
008 181213s1965 sp ||||1| spa d
100 0 _aPompey, Francisco.
_992936
245 1 0 _aRubens /
_cFrancisco Pompey.
260 _aMadrid :
_bOffo,
_c1965.
300 _a92 p. :
_bil. col. ;
_c17 cm.
490 1 _aColección Grandes Pintores
546 _aTexto en español, francés e inglés.
600 1 4 _aRubens, Peter Paul.
_9100291
830 0 0 _aColección grandes pintores
_9182117
852 _aES-MaACL
_jP-146-7
999 _c59916
_d59916